[Event "Akureyri"]
[Site "Akureyri"]
[Date "1988.??.??"]
[Round "?"]
[White "Kristjansson, Olafur"]
[Black "Gurevich, Mikhail"]
[Result "0-1"]
[WhiteElo "2225"]
[BlackElo "2625"]

1.e4 d6 2.d4 Nf6 3.Nc3 g6 4.Nf3 Bg7 5.Be2 O-O 6.O-O Bg4 7.Be3 Nc6 8.Qd2 Re8
9.Rad1 a6 10.Rfe1 Bxf3 11.Bxf3 e5 12.dxe5 dxe5 13.Nd5 Nxd5 14.exd5 Nd4 15.Bxd4 exd4
16.Rxe8+ Qxe8 17.Qb4 Qb5 18.Qxb5 axb5 19.a3 Kf8 20.Kf1 Ke7 21.Rd3 Kd6 22.Rb3 Ra5
23.Rd3 Ra4 24.Ke2 Ra8 25.Kd1 Kc5 26.b4+ Kd6 27.Kc1 f5 28.h3 g5 29.Kb2 Rh8
30.Kb3 h5 31.g3 g4 32.Bg2 Re8 33.hxg4 hxg4 34.f4 Re2 35.Bf1 Rf2 36.Rd1 Rf3+
37.Ka2 Rxg3 38.Bd3 Rf3 39.Bxf5 g3 40.Rg1 Bh6 41.Bd3 Bxf4 42.Bxb5 Be3  0-1

[Event "GMA-Open"]
[Site "Belgrade"]
[Date "1988.??.??"]
[Round "?"]
[White "Gligoric, Svetozar"]
[Black "Gurevich, Mikhail"]
[Result "1/2-1/2"]
[WhiteElo "2500"]
[BlackElo "2630"]

1.d4 f5 2.Nf3 Nf6 3.g3 g6 4.Bg2 Bg7 5.O-O O-O 6.c3 c6 7.Nbd2 Kh8 8.Re1 d5
9.Ne5 Nbd7 10.Nd3 e5 11.dxe5 Ng4 12.Nf3 Ngxe5 13.Nfxe5 Nxe5 14.Nxe5 Bxe5
15.Be3  1/2-1/2

[Event "GMA-Open"]
[Site "Belgrade"]
[Date "1988.??.??"]
[Round "?"]
[White "Karpman, Vadim"]
[Black "Gurevich, Mikhail"]
[Result "1/2-1/2"]
[WhiteElo "2490"]
[BlackElo "2630"]

1.d4 Nf6 2.c4 e6 3.Nc3 Bb4 4.Qc2 c5 5.dxc5 Bxc5 6.Nf3 Qb6 7.e3 Qc7 8.Be2 a6
9.O-O Be7 10.e4 d6 11.Nd4 O-O 12.Be3 b6 13.f4 Bb7 14.a4 Nc6 15.f5 Nxd4 16.Bxd4 Nd7
17.Rad1 Bf6 18.Qd3 Rad8 19.fxe6 fxe6 20.Bg4 Rfe8 21.Bxf6 Nxf6 22.Bh3 Qc5+
23.Kh1 Qe5 24.Rfe1 Kf7 25.Kg1 Qc5+ 26.Kh1 Rd7 27.Re3 Bc6 28.b3 Rdd8 29.Ne2 Qe5
30.Nc3 Kg8 31.Kg1 Qc5 32.Kh1 Nd7 33.b4 Qg5 34.Ree1 Ne5 35.Qd4 b5 36.cxb5 axb5
37.Nxb5 Bxb5 38.axb5 Nf7 39.Qc4 Qe5 40.b6 Rb8 41.Qc7 Rbc8 42.Qd7 Rcd8 43.Qc7 Rc8
44.Qd7  1/2-1/2

[Event "GMA-Open"]
[Site "Belgrade"]
[Date "1988.??.??"]
[Round "?"]
[White "Gurevich, Mikhail"]
[Black "Moskalenko, Viktor"]
[Result "1-0"]
[WhiteElo "2630"]
[BlackElo "2475"]

1.d4 Nf6 2.c4 c5 3.d5 e6 4.Nc3 exd5 5.cxd5 d6 6.Nf3 g6 7.Nd2 Bg7 8.e4 O-O
9.Be2 Ne8 10.O-O f5 11.exf5 Bxf5 12.Nc4 Na6 13.Be3 Rb8 14.a4 Nb4 15.Rc1 b6
16.Qd2 Rb7 17.Bg5 Bf6 18.Bf4 a6 19.Ne3 Bg5 20.Nxf5 Bxf4 21.Qxf4 Rxf5 22.Qd2 Ng7
23.Bg4 Re5 24.f4 Re8 25.f5 Qf6 26.fxg6 Qxg6 27.Be2 Rf7 28.h3 Ree7 29.Rxf7 Rxf7
30.Re1 Re7 31.Rf1 Qg3 32.Bf3 Qe5 33.Ne4 Qd4+ 34.Qxd4 cxd4 35.Nxd6 d3 36.Rd1 Re5
37.Nc4 Rf5 38.d6 b5 39.d7  1-0

[Event "GMA-Open"]
[Site "Belgrade"]
[Date "1988.??.??"]
[Round "?"]
[White "Kozul, Zdenko"]
[Black "Gurevich, Mikhail"]
[Result "0-1"]
[WhiteElo "2505"]
[BlackElo "2630"]

1.d4 Nf6 2.Nf3 e6 3.c4 b6 4.Nc3 Bb7 5.a3 d5 6.cxd5 Nxd5 7.e3 g6 8.Bb5+ c6
9.Nxd5 exd5 10.Bd3 Bg7 11.e4 dxe4 12.Bxe4 Ba6 13.Bg5 Qd6 14.Qd2 O-O 15.O-O-O Bc4
16.Bf4 Qd8 17.Bh6 Re8 18.Bxg7 Kxg7 19.Rde1 Nd7 20.Bxc6 Rxe1+ 21.Rxe1 Rc8
22.Bxd7 Qxd7 23.Kb1 Bd5 24.Qd3 Qg4 25.Qe3 Kg8 26.Ne5 Qf5+ 27.Ka1 Bxg2 28.Qg3 Bd5
29.Ng4 Kg7 30.Ne3 Qe4 31.f3 Qxe3  0-1

[Event "Madrid rapid"]
[Site "Madrid"]
[Date "1988.??.??"]
[Round "3"]
[White "Ljubojevic, Ljubomir"]
[Black "Gurevich, Mikhail"]
[Result "0-1"]
[WhiteElo "2610"]
[BlackElo "2625"]

1.c4 Nf6 2.Nc3 e6 3.g3 d5 4.d4 Be7 5.Bg2 O-O 6.Nf3 c6 7.O-O Nbd7 8.cxd5 exd5
9.Bf4 Re8 10.Qc2 Nf8 11.Rfd1 Ng6 12.Ne5 Nxf4 13.gxf4 Bd6 14.e3 g6 15.Rac1 Bf5
16.Qe2 Qe7 17.a3 Nd7 18.Na4 f6 19.Nd3 g5 20.Qf3 Be4 21.Qg4 Bg6 22.fxg5 fxg5
23.Nac5 Nxc5 24.Nxc5 h5 25.Qe2 g4 26.Qe1 Rf8 27.Rd2 Rae8 28.Kh1 Rf7 29.Qg1 Kh8
30.b4 Rg7 31.Re1 h4 32.f3 h3 33.Bf1 gxf3 34.Qf2 Bxc5 35.dxc5 Be4 36.Bxh3 Reg8
37.Rd4 Qg5 38.Be6 Qg2+ 39.Qxg2 f2  0-1

[Event "Madrid rapid"]
[Site "Madrid"]
[Date "1988.??.??"]
[Round "6"]
[White "Hjartarson, Johann"]
[Black "Gurevich, Mikhail"]
[Result "0-1"]
[WhiteElo "2590"]
[BlackElo "2625"]

1.e4 e6 2.d4 d5 3.Nd2 Nf6 4.e5 Nfd7 5.Bd3 c5 6.c3 Nc6 7.Ne2 cxd4 8.cxd4 f6
9.exf6 Nxf6 10.Nf3 Qc7 11.O-O Bd6 12.g3 O-O 13.Bf4 Ng4 14.Bxd6 Qxd6 15.Nc3 g6
16.Rc1 Bd7 17.Bb5 Rf6 18.Nh4 Nh6 19.Qd2 Kg7 20.f4 Ne7 21.Bxd7 Qxd7 22.Nf3 Nc6
23.Ne2 Nf7 24.Ne5 Nfxe5 25.fxe5 Rxf1+ 26.Rxf1 Rf8 27.Nf4 Rf7 28.Rc1 Rf8 29.Rc5 Re8
30.a3 Qd8 31.b4 a6 32.Qc3 Qb6 33.Kg2 Re7 34.Nd3 Na7 35.Nf2 Qd8 36.Ng4 b6
37.Rc6 Nxc6 38.Qxc6 Qc7 39.Qa8 Qc2+ 40.Kh3 Qf5  0-1

[Event "Marseille"]
[Site "Marseille"]
[Date "1988.??.??"]
[Round "?"]
[White "Sharif, Mershad"]
[Black "Gurevich, Mikhail"]
[Result "1/2-1/2"]
[WhiteElo "2445"]
[BlackElo "2630"]

1.e4 d6 2.d4 Nf6 3.Bd3 e5 4.c3 d5 5.dxe5 dxe4 6.Bb5+ Bd7 7.Qe2 Bxb5 8.Qxb5+ Nfd7
9.e6 fxe6 10.Nh3 Nc6 11.Bg5 Be7 12.Bxe7 Nxe7 13.O-O O-O 14.Qc4 Kh8 15.Qxe4 Nc5
16.Qe2 Qd3 17.Re1 Rad8 18.Na3  1/2-1/2

[Event "URS-chT"]
[Site "Naberezhnie Chelni"]
[Date "1988.??.??"]
[Round "?"]
[White "Gurevich, Mikhail"]
[Black "Panchenko, Alexander N"]
[Result "1/2-1/2"]
[WhiteElo "2630"]
[BlackElo "2475"]

1.d4 Nf6 2.c4 e6 3.Nc3 d5 4.Bg5 c6 5.e3 Nbd7 6.Nf3 Qa5 7.Nd2 Bb4 8.Qc2 O-O
9.Be2 dxc4 10.Bxf6 Nxf6 11.Nxc4 Qc7 12.a3 Be7 13.b4 Nd5 14.O-O Rd8 15.Ne4 Bd7
16.Rfc1 Be8 17.Nc5 Bf8 18.g3 Qe7 19.Qe4 g6 20.h4 Rab8 21.Bf1 Bg7 22.Rab1 Nf6
23.Qf4 Nd5 24.Qe4 Nf6 25.Qf3 Nd7 26.Bh3 e5 27.Bxd7 Bxd7 28.Nxe5 Bxe5 29.dxe5 Qxe5
30.Rd1 Qe7 31.Qf4 Bf5 32.e4 Be6 33.Qe5 Rxd1+ 34.Rxd1 Re8 35.f3 Bc4 36.Qxe7 Rxe7
37.Rd4 Bb5 38.Rd8+ Kg7 39.Nb3 Rc7 40.Nd4 Ba4 41.g4 b6 42.Kf2 c5 43.bxc5 bxc5
44.Ne2 Rd7 45.Rc8 Rd2 46.Ke3 Ra2 47.Rxc5 Rxa3+ 48.Nc3 Bb3 49.f4 a5 50.f5 Ra1
51.Nb5 gxf5 52.gxf5 a4 53.Nd4 Re1+ 54.Kf4 Rf1+ 55.Kg3 Rd1 56.Nxb3 axb3 57.Rb5 Rb1
58.e5 b2 59.Kg2 Re1 60.f6+ Kg6 61.Rxb2 Rxe5 62.Kg3 Kxf6 63.Kf4  1/2-1/2

[Event "Reykjavik op"]
[Site "Reykjavik"]
[Date "1988.??.??"]
[Round "?"]
[White "Vidarsson, Jon G"]
[Black "Gurevich, Mikhail"]
[Result "0-1"]
[WhiteElo "2305"]
[BlackElo "2625"]

1.e4 c5 2.Nf3 e6 3.d4 cxd4 4.Nxd4 Nf6 5.Nc3 d6 6.Be3 Be7 7.f3 O-O 8.Qd2 Nc6
9.g4 Nd7 10.O-O-O a6 11.h4 Nxd4 12.Bxd4 b5 13.g5 b4 14.Ne2 a5 15.Be3 Bb7
16.h5 Ne5 17.Nd4 d5 18.g6 Bf6 19.h6 fxg6 20.Nxe6 Qd6 21.Qh2 Qxe6 22.hxg7 Bxg7
23.Qxh7+ Kf7 24.Bh3 Qf6 25.f4 Nc4 26.e5 Rh8 27.exf6 Rxh7 28.Be6+ Kxf6 29.Rxh7 Nxe3
30.Rd3 d4 31.Bb3 Nf5 32.Rh2 Be4 33.Rdd2 a4 34.Bc4 Ne3 35.Rxd4 Kf5 36.Rd7 Bxb2+
37.Kxb2 Nxc4+ 38.Kc1 b3 39.cxb3 axb3 40.axb3 Ra1+  0-1

[Event "Bern"]
[Site "Bern"]
[Date "1989.??.??"]
[Round "?"]
[White "Herzog, Juerg"]
[Black "Gurevich, Mikhail"]
[Result "0-1"]
[WhiteElo "2200"]
[BlackElo "2590"]

1.d4 f5 2.e3 Nf6 3.Bd3 e6 4.c4 d5 5.Nc3 c6 6.Nge2 Bd6 7.Qc2 O-O 8.f3 Kh8
9.Bd2 Qe7 10.O-O-O Nbd7 11.e4 fxe4 12.fxe4 dxc4 13.Bxc4 e5 14.Bg5 b5 15.Bb3 Nb6
16.Rhe1 a5 17.Nf4 a4 18.Qf2 axb3 19.Qh4 exf4 20.e5 bxa2 21.Nxa2 Rxa2 22.exf6 Ra1+
23.Kc2 Bf5+  0-1

[Event "Bern"]
[Site "Bern"]
[Date "1989.??.??"]
[Round "?"]
[White "Gurevich, Mikhail"]
[Black "Klinger, Josef"]
[Result "0-1"]
[WhiteElo "2590"]
[BlackElo "2475"]

1.d4 Nf6 2.c4 e6 3.Nc3 Bb4 4.Qc2 O-O 5.a3 Bxc3+ 6.Qxc3 b6 7.Bg5 Bb7 8.f3 d5
9.e3 Nbd7 10.cxd5 exd5 11.Bd3 c6 12.Nh3 Re8 13.O-O Nf8 14.Rae1 Ne6 15.Bh4 Rc8
16.Ng5 Nxg5 17.Bxg5 h6 18.Bh4 Qd6 19.Bf5 Rcd8 20.Rc1 g6 21.Bc2 Rc8 22.Kh1 Nh5
23.Qd2 Kh7 24.b4 c5 25.bxc5 bxc5 26.Ba4 Re6 27.Rfe1 cxd4 28.Rxc8 dxe3 29.Rh8+ Kxh8
30.Qb2+ Kg8 31.Qxb7 Qf4 32.Qb4 d4 33.Be7 d3 34.Qxf4 Nxf4 35.Bc5 Nd5 36.Bb3 d2
37.Re2 Rc6 38.Rxe3 Nxe3 39.Bxe3 Rc1+  0-1

[Event "Bern"]
[Site "Bern"]
[Date "1989.??.??"]
[Round "?"]
[White "Gurevich, Mikhail"]
[Black "Jukic, Mirko"]
[Result "1-0"]
[WhiteElo "2590"]
[BlackElo "2475"]

1.d4 Nf6 2.c4 e6 3.Nc3 Bb4 4.Qc2 O-O 5.a3 Bxc3+ 6.Qxc3 b6 7.Bg5 Bb7 8.f3 c5
9.dxc5 bxc5 10.e3 a5 11.Bd3 Nc6 12.Nh3 d6 13.O-O Ne5 14.Be2 Ng6 15.Rad1 Ra6
16.e4 h6 17.Be3 Qe7 18.Rd2 a4 19.Bd1 Rc8 20.Re2 Ne5 21.Bc2 Nc6 22.f4 e5 23.Ree1 Nd4
24.Bd2 Rb8 25.Nf2 Bc6 26.Bd1 Qb7 27.Qe3 Qxb2 28.fxe5 dxe5 29.Nd3 Qxa3 30.Rxf6 gxf6
31.Qg3+ Kf8 32.Be3 Rb1 33.Nxe5 Ne2+ 34.Rxe2 Rxd1+ 35.Kf2 Qa1 36.Bxc5+  1-0

[Event "Bern"]
[Site "Bern"]
[Date "1989.??.??"]
[Round "?"]
[White "Gurevich, Mikhail"]
[Black "Jakob, Simon"]
[Result "1-0"]
[WhiteElo "2590"]
[BlackElo "2200"]

1.c4 e6 2.Nc3 Nf6 3.Nf3 d5 4.d4 Be7 5.Bg5 O-O 6.cxd5 exd5 7.Qc2 Nbd7 8.e3 c6
9.Bd3 Re8 10.O-O h6 11.Bf4 Nf8 12.h3 Ne6 13.Bh2 g6 14.Ne5 Ng7 15.g4 h5 16.f3 Be6
17.Kh1 Rc8 18.Qg2 Bd6 19.Ne2 Qe7 20.Nf4 hxg4 21.hxg4 Bxe5 22.dxe5 Nd7 23.Nh3 Nc5
24.Bc2 Rcd8 25.Rad1 f5 26.exf6 Qxf6 27.Bf4 Rd7 28.Qh2 Rf8 29.Ng5 Ne8 30.Be5 Qxg5
31.Qh8+ Kf7 32.Qh7+ Ng7 33.Qxg7+  1-0

[Event "Bern"]
[Site "Bern"]
[Date "1989.??.??"]
[Round "?"]
[White "Gurevich, Mikhail"]
[Black "Flueckiger, Christian"]
[Result "1-0"]
[WhiteElo "2590"]
[BlackElo "2260"]

1.d4 d5 2.c4 e6 3.Nc3 c5 4.cxd5 exd5 5.Nf3 Nc6 6.g3 Nf6 7.Bg2 Be7 8.O-O O-O
9.Bg5 cxd4 10.Nxd4 h6 11.Be3 Re8 12.Rc1 Bf8 13.Nb3 Be6 14.Nb5 Qd7 15.Bc5 Bh3
16.Bxf8 Bxg2 17.Kxg2 Kxf8 18.N5d4 Nxd4 19.Nxd4 Kg8 20.Qd3 Rac8 21.f3 Rxc1
22.Rxc1 Rc8 23.Rd1 Qa4 24.a3 Qc4 25.Qd2 a6 26.g4 Qc7 27.g5 hxg5 28.Qxg5 Qd8
29.Nf5 Qf8 30.Kh1 Rc7 31.Rg1 Ne8 32.Qd8 Rc2 33.Rxg7+  1-0

[Event "EU-chT"]
[Site "Haifa"]
[Date "1989.??.??"]
[Round "1"]
[White "Alvarez Ibarra, D Rafael"]
[Black "Gurevich, Mikhail"]
[Result "1/2-1/2"]
[WhiteElo "2365"]
[BlackElo "2640"]

1.d4 f5 2.g3 Nf6 3.Bg2 g6 4.Nf3 Bg7 5.O-O O-O 6.c3 Kh8 7.Nbd2 c6 8.Qc2 d5
9.Ne5 Nbd7 10.Nd3 e5 11.dxe5 Ng4 12.Nf3 Ngxe5 13.Nfxe5 Nxe5 14.Be3 Be6 15.Bd4 Qc7
16.Nxe5 Bxe5 17.Qd2 Kg8 18.Bxe5 Qxe5 19.Qd4 Qxd4 20.cxd4 f4 21.b4 Bg4 22.Rfe1 Rae8
23.e3 fxe3 24.Rxe3 Rxe3 25.fxe3 Be2 26.a4 h6 27.Bf1 Bxf1 28.Rxf1 Re8 29.Kf2 Kf7
30.Ke2+ Ke6 31.a5 Rb8  1/2-1/2

[Event "New York op"]
[Site "New York"]
[Date "1989.??.??"]
[Round "9"]
[White "Gurevich, Mikhail"]
[Black "Fedorowicz, John P"]
[Result "0-1"]
[WhiteElo "2590"]
[BlackElo "2505"]

1.c4 Nf6 2.Nc3 e5 3.Nf3 Nc6 4.g3 Bb4 5.Bg2 O-O 6.O-O Re8 7.Ne1 Bf8 8.d3 d6
9.Nc2 Nd4 10.b4 c6 11.b5 Be6 12.bxc6 bxc6 13.Bg5 Be7 14.e3 Bg4 15.f3 Nxc2
16.Qxc2 Be6 17.f4 Ng4 18.Bxe7 Rxe7 19.Rae1 exf4 20.gxf4 Bd7 21.Nd1 Qb6 22.d4 Rae8
23.Qd3 Qa5 24.e4 f6 25.h3 Nh6 26.Nf2 Nf7 27.Re3 Rb8 28.Qe2 c5 29.d5 Qa6 30.Rc1 f5
31.e5 dxe5 32.fxe5 f4 33.Re4 Qa3 34.Qe1 Rxe5 35.Rc3 Rxe4 36.Nxe4 Qxa2 37.Nxc5 Rb1
38.Rc1 f3 39.Bf1 f2+ 40.Qxf2 Qxf2+ 41.Kxf2 Rxc1 42.Nxd7 Nd6  0-1

[Event "World op 5'"]
[Site "Philadelphia"]
[Date "1989.??.??"]
[Round "?"]
[White "Gurevich, Mikhail"]
[Black "Ivanov, Alexander"]
[Result "0-1"]
[WhiteElo "2590"]
[BlackElo "2470"]

1.d4 g6 2.c4 Bg7 3.Nc3 c5 4.d5 d6 5.e4 e6 6.Nf3 exd5 7.cxd5 a6 8.a4 Bg4 9.Be2 Bxf3
10.Bxf3 Nd7 11.O-O Ne7 12.Be2 O-O 13.a5 f5 14.Bg5 h6 15.Bd2 f4 16.Bg4 Ne5
17.Be6+ Kh8 18.Kh1 f3 19.Rg1 g5 20.Be3 N7g6 21.g3 Nc4 22.Bc1 b5 23.axb6 Qxb6
24.Ra2 Bd4 25.Rf1 Nce5 26.Qc2 Kg7 27.Bf5 Ra7 28.Nd1 g4 29.Ne3 h5 30.Be6 Ne7
31.Nf5+ Nxf5 32.exf5 Qb5 33.Kg1 Nd3 34.Qd2 Rf6 35.Qg5+ Kf8 36.Qxh5 Nxf2 37.Qh8+ Ke7
38.Qg7+ Kd8 39.Qg8+ Kc7 40.Qc8+ Kb6 41.Qc6+ Qxc6 42.dxc6 Ne4+ 43.Kh1 Nxg3+
44.hxg3 Rh7+ 45.Bh6 Rhxh6+  0-1

[Event "World op"]
[Site "Philadelphia"]
[Date "1989.??.??"]
[Round "4"]
[White "Malbran, Guillermo"]
[Black "Gurevich, Mikhail"]
[Result "0-1"]
[WhiteElo "2300"]
[BlackElo "2590"]

1.e4 e6 2.d4 d5 3.Nc3 Bb4 4.exd5 Qxd5 5.Nf3 b6 6.Bd3 Nf6 7.Bd2 Bxc3 8.Bxc3 Ba6
9.O-O Bxd3 10.Qxd3 Nc6 11.b3 O-O 12.Bb2 Rfd8 13.c4 Qh5 14.Qe3 Rd6 15.h3 Rad8
16.Rfe1 h6 17.Bc3 R6d7 18.Rad1 a6 19.Qe2 Qf5 20.Qe3 b5 21.Nh4 Qh5 22.Nf3 bxc4
23.bxc4 Ne8 24.Qe4 Rd6 25.Qc2 Nf6 26.Qa4 Nb8 27.Qa5 Qxa5 28.Bxa5 Rc8 29.Bb4 Rdd8
30.Be7 Rd7 31.Bc5 Nc6 32.Ne5 Nxe5 33.Rxe5 Rb8 34.Ba3 Rb6 35.f3 Rc6 36.Rc5 Rcd6
37.Bb2 Ne8 38.Bc3 Rb6 39.Ra5 Rc6 40.c5 Nf6 41.Rb1 Rd8 42.Rb7 e5 43.dxe5 Rd1+
44.Kh2 Nd5 45.Bb2 Rd2 46.Kg1 Nf4 47.g3 Nxh3+ 48.Kf1 Rg6 49.g4 h5 50.Rb3 hxg4
51.fxg4 Nf4 52.Bc3 Rc2 53.Bd4 Rh6  0-1

[Event "Tel Aviv-A"]
[Site "Tel Aviv"]
[Date "1989.??.??"]
[Round "1"]
[White "Gurevich, Mikhail"]
[Black "Shvidler, Eliahu"]
[Result "1-0"]
[WhiteElo "2590"]
[BlackElo "2410"]

1.d4 Nf6 2.c4 e6 3.Nc3 d5 4.Bg5 Nbd7 5.e3 h6 6.Bh4 Be7 7.Rc1 O-O 8.Nf3 a6
9.cxd5 exd5 10.Bd3 c6 11.Bg3 Nh5 12.Be5 Nxe5 13.Nxe5 Nf6 14.Bc2 Ne8 15.Qd3 f5
16.O-O Bd6 17.f3 Be6 18.Ne2 Qf6 19.Nf4 Bxe5 20.dxe5 Qf7 21.Qb3 Rb8 22.Bd3 Nc7
23.Qb6 Rfc8 24.Ne2 Bd7 25.f4 Ne6 26.b4 Qf8 27.Nd4 g6 28.Nf3 Qd8 29.Qxd8+ Rxd8
30.Nh4 Kf7 31.g4 Ng7 32.Rc2 h5 33.gxh5 Nxh5 34.Rg2 Rg8 35.Kh1 a5 36.Rfg1 axb4
37.Be2 c5 38.Rxg6 Rxg6 39.Bxh5 d4 40.Rxg6 Ke7  1-0

[Event "Tel Aviv-A"]
[Site "Tel Aviv"]
[Date "1989.??.??"]
[Round "4"]
[White "Gurevich, Mikhail"]
[Black "Hickl, Joerg"]
[Result "1-0"]
[WhiteElo "2590"]
[BlackElo "2500"]

1.d4 d6 2.Nf3 Nf6 3.c4 c6 4.Nc3 Nbd7 5.e4 e5 6.Be2 Be7 7.O-O O-O 8.Re1 Re8
9.Bf1 a6 10.a3 Qc7 11.h3 Bf8 12.Bg5 h6 13.Bh4 Nh5 14.Nh2 g6 15.d5 Nb6 16.Rc1 Bd7
17.Ng4 Bg7 18.Ne3 c5 19.Be2 Bf6 20.Bxf6 Nxf6 21.Rf1 Qd8 22.b4 Nc8 23.Rb1 b6
24.Qd3 Rf8 25.f4 exf4 26.Rxf4 Be8 27.Rbf1 Nd7 28.Ng4 h5 29.Nf6+ Nxf6 30.Rxf6 Kg7
31.Bxh5 Qxf6 32.Rxf6 Kxf6 33.Bg4 Kg7 34.bxc5 bxc5 35.e5 dxe5 36.Qe3 f6 37.Qxc5 Bf7
38.Bd7 Rb8 39.Qc7 Rb3 40.Ne4 Ne7 41.Nxf6 Kxf6 42.Qd6+ Kg7 43.Qxe7 Kg8 44.Qxe5 Rb1+
45.Kh2 Rc1 46.Qf4 Rc2 47.Qe4 Rc1 48.Be6  1-0

[Event "Tel Aviv-A"]
[Site "Tel Aviv"]
[Date "1989.??.??"]
[Round "7"]
[White "Lev, Ronen"]
[Black "Gurevich, Mikhail"]
[Result "0-1"]
[WhiteElo "2415"]
[BlackElo "2590"]

1.d4 f5 2.g3 Nf6 3.Bg2 g6 4.c4 Bg7 5.Nc3 O-O 6.Nh3 d6 7.d5 Na6 8.O-O Ng4
9.Bd2 Qe8 10.Rb1 h6 11.e3 e5 12.f3 Nf6 13.e4 g5 14.exf5 Bxf5 15.Ne4 Qg6 16.Nhf2 Nc5
17.Qe2 g4 18.Rbe1 Ncxe4 19.Nxe4 Bxe4 20.fxe4 Nd7 21.Qe3 c5 22.h3 Nf6 23.Rf5 Nh5
24.Kh2 Rxf5 25.exf5 Qxf5 26.hxg4 Qxg4 27.Bh3 Qxc4 28.Be6+ Kh8 29.Qf3 Qc2
30.Re2 Nf6 31.g4 Rf8 32.Qh3 Ne4 33.Bf5 Qd1 34.Qe3 Nf6 35.Rg2 Nxd5 36.Qd3 Nf4
37.Qxd6 Nxg2 38.Qg6 Rxf5 39.gxf5 Nh4  0-1

[Event "Tel Aviv-A"]
[Site "Tel Aviv"]
[Date "1989.??.??"]
[Round "9"]
[White "Levitt, Jonathan"]
[Black "Gurevich, Mikhail"]
[Result "0-1"]
[WhiteElo "2495"]
[BlackElo "2590"]

1.d4 Nf6 2.c4 e6 3.Nc3 Bb4 4.e3 c5 5.Ne2 cxd4 6.exd4 d5 7.c5 Ne4 8.Bd2 Nxd2
9.Qxd2 Qd7 10.a3 Ba5 11.g3 Bd8 12.b4 O-O 13.Bg2 b6 14.O-O Be7 15.Rab1 a5
16.Rfc1 axb4 17.axb4 Rd8 18.h4 Qe8 19.Kh2 bxc5 20.dxc5 Na6 21.Nf4 Rb8 22.Nd3 Nc7
23.Bf1 Bf6 24.f4 Bb7 25.Ne5 d4 26.Nd1 Bxe5 27.fxe5 Qc6 28.Bg2 Qxg2+ 29.Qxg2 Bxg2
30.Kxg2 Rd5 31.Rb3 Rxe5 32.Nb2 Kf8 33.Na4 Ke8 34.Nb6 Nb5 35.Ra1 Rd8 36.Kf3 d3
37.Kf2 Re2+ 38.Kf1 Rh2 39.Kg1 Rc2 40.Rd1 Rc3  0-1

[Event "Rotterdam"]
[Site "Rotterdam"]
[Date "1990.??.??"]
[Round "?"]
[White "Short, Nigel D"]
[Black "Gurevich, Mikhail"]
[Result "1/2-1/2"]
[WhiteElo "2635"]
[BlackElo "2645"]

1.e4 e6 2.d4 d5 3.Nc3 Nf6 4.Bg5 dxe4 5.Nxe4 Be7 6.Bxf6 Bxf6 7.Nf3 O-O 8.c3 Nd7
9.Qc2 e5 10.O-O-O exd4 11.Nxd4 Bxd4 12.Rxd4 Qe7 13.h4 Ne5 14.Ng5 g6 15.Qe2 Qf6
16.Ne4 Qf4+ 17.Nd2 Qf6 18.h5 Bf5 19.hxg6 Bxg6 20.Ne4 Qe6 21.f3 Nc6 22.Ra4 a6
23.Qc4 Qe5 24.Qd5 Qxd5 25.Nf6+ Kg7 26.Nxd5 Rae8 27.Rah4 Re1+ 28.Kd2 Rb1 29.Bd3 Rxh1
30.Rxh1 Rd8 31.c4 Ne5 32.Bxg6 hxg6 33.Kc3 c6 34.Nf4 g5 35.Rh5 Kf6 36.Rh6+ Ke7
37.Rh5 Kf6 38.Rh6+ Ke7 39.Rh5 Nxc4 40.Rxg5 Nb6 41.b3 Kf6 42.Rh5 Rd1 43.a4 Nc8  1/2-1/2

[Event "FRA-chT"]
[Site "FRA"]
[Date "1991.??.??"]
[Round "?"]
[White "Dorfman, Josif D"]
[Black "Gurevich, Mikhail"]
[Result "1/2-1/2"]
[WhiteElo "2575"]
[BlackElo "2650"]

1.d4 f5 2.Nf3 Nf6 3.c4 g6 4.Nc3 Bg7 5.e3 O-O 6.Bd3 d6 7.O-O Nc6 8.d5 Nb4
9.Be2 c6 10.a3 Na6 11.Rb1 e5 12.dxc6 bxc6 13.b4 Kh8 14.c5 e4 15.Nd4 dxc5
16.Nxc6 Qc7 17.b5 Nb8 18.Nd5 Nxd5 19.Qxd5 Bb7 20.Qxc5 Nxc6 21.bxc6 Qxc6 22.Qe7 Ba6
23.Bxa6 Qxa6 24.Bb2 Bxb2 25.Rxb2 Rae8 26.Qb4 Qf6 27.Rfb1 Rf7 28.g3 Kg7 29.Rd2 g5
30.Rd6 Re6 31.Rxe6 Qxe6 32.Qc5 Kg6 33.Rb8 Qd7 34.Kg2 Qd1 35.Qc6+ Kh5 36.Qe8 Qf3+
37.Kg1 Kg4 38.Qxf7 Qd1+ 39.Kg2 Qf3+ 40.Kg1 Qd1+ 41.Kg2 Qf3+  1/2-1/2

[Event "Oostende op"]
[Site "Oostende"]
[Date "1991.??.??"]
[Round "3"]
[White "Bouaziz, Slim"]
[Black "Gurevich, Mikhail"]
[Result "1/2-1/2"]
[WhiteElo "2375"]
[BlackElo "2630"]

1.Nf3 f5 2.d4 Nf6 3.Bg5 e6 4.Nbd2 d5 5.e3 Be7 6.c4 O-O 7.Be2 c6 8.Ne5 Nbd7
9.Nd3 Ne4 10.Bxe7 Qxe7 11.Rc1 Nxd2 12.Qxd2 dxc4 13.Rxc4 e5 14.dxe5 Nxe5 15.Nxe5 Qxe5
16.Qc3 Qxc3+ 17.Rxc3 Be6 18.Bc4 Kf7 19.Ke2 Rad8 20.Bxe6+ Kxe6 21.Rc5 Rd6
22.Rhc1 Rfd8 23.R1c2 Rd1 24.h4 g6 25.Ra5 a6 26.Ra4 R1d5 27.Rb4 R8d7 28.Rbc4 R7d6
29.b4 a5 30.bxa5 Rxa5 31.a4 Kd7 32.g4 Kc7 33.Rf4 fxg4 34.Rxg4 Re5 35.Rf4 Rd7
36.Rb2 b5 37.axb5 cxb5 38.Rf6 Kb7 39.Rb4 Rc5 40.f4 Rdc7 41.Kf3 R7c6 42.Rf7+ Rc7
43.Rf6  1/2-1/2

[Event "Oostende op"]
[Site "Oostende"]
[Date "1991.??.??"]
[Round "7"]
[White "McNab, Colin Anderson"]
[Black "Gurevich, Mikhail"]
[Result "1/2-1/2"]
[WhiteElo "2425"]
[BlackElo "2630"]

1.c4 g6 2.Nc3 Bg7 3.d4 Nf6 4.Nf3 O-O 5.g3 d6 6.Bg2 Nbd7 7.O-O e5 8.Qc2 c6
9.Rd1 Qe7 10.d5 c5 11.a3 Nb6 12.Nd2 Bf5 13.e4 Bg4 14.Re1 Nh5 15.b4 Rac8 16.Rb1 Bd7
17.a4 cxb4 18.Rxb4 Rc5 19.Qa2 Rc7 20.Qb3 Rb8 21.a5 Nc8 22.Ndb1 Bf6 23.Na3 Bg5
24.Nab5 Bxb5 25.Nxb5 Rc5 26.Bxg5 Qxg5 27.a6 Qd8 28.Ra1 bxa6 29.Rxa6 Rb6 30.Rxb6 Qxb6
31.Bh3 a5 32.Ra4 Nf6 33.Qf3 Kg7 34.Bxc8 Rxc8 35.Qe2 Ra8 36.Kg2 Nd7 37.Ra3 Qc5
38.Qa2 Nb6 39.Rxa5 Rxa5 40.Qxa5 Nxc4 41.Qa6 Qb4 42.Nc7 Ne3+ 43.Kf3 Nc4 44.Qc8 h5
45.Ne8+ Kh7 46.Nf6+ Kg7 47.Ne8+ Kh7 48.Nf6+  1/2-1/2

[Event "Reggio Emilia91 Top16"]
[Site "Reggio Emilia"]
[Date "1991.??.??"]
[Round "?"]
[White "Gurevich, Mikhail"]
[Black "Polugaevsky, Lev"]
[Result "1/2-1/2"]
[WhiteElo "2650"]
[BlackElo "2610"]

1.d4 Nf6 2.c4 e6 3.Nc3 Bb4 4.e3 O-O 5.Ne2 d5 6.a3 Be7 7.cxd5 Nxd5 8.Qc2 Nd7
9.e4 Nxc3 10.Nxc3 c5 11.d5 Bf6 12.dxe6 fxe6 13.Be3 Bd4 14.Bxd4 cxd4 15.Nb5 Ne5
16.Rd1 Bd7 17.Rxd4 Qb6 18.Rd6 Rac8 19.Qd2 Qc5 20.Nc3 Rxf2 21.Qxf2 Qxd6 22.Be2 b6
23.O-O Qc5 24.Qxc5 Rxc5 25.Kf2 Kf7 26.Ke3+ Ke7 27.g3 a5 28.Rd1 g5 29.Rh1 h6
30.h4 Nf7 31.hxg5 Rxg5 32.Kf4 Bc6 33.Rh2 Rc5 34.Bh5 Ne5 35.Be2 Nf7 36.Rh1 Rg5
37.Rc1 Nd6 38.Rh1 e5+ 39.Kf3 Rg6 40.Rh5 Nf7 41.Bc4 Ng5+ 42.Ke3 Kd6 43.Rh1 Ne6
44.Bxe6 Kxe6 45.Kf3 Rf6+ 46.Ke3 Rg6 47.Kf3 Rf6+ 48.Ke3  1/2-1/2

[Event "Reggio Emilia91 Top16"]
[Site "Reggio Emilia"]
[Date "1991.??.??"]
[Round "?"]
[White "Gurevich, Mikhail"]
[Black "Kamsky, Gata"]
[Result "1-0"]
[WhiteElo "2650"]
[BlackElo "2640"]

1.c4 e5 2.g3 Nc6 3.Bg2 g6 4.Nc3 Bg7 5.Rb1 a5 6.d3 d6 7.e3 f5 8.Nge2 Nf6 9.b3 O-O
10.Bb2 Bd7 11.Qd2 Rb8 12.O-O b6 13.Rbe1 Kh8 14.f4 Ng4 15.Nd5 Be6 16.h3 Nh6
17.Nec3 Qd7 18.Nb5 Rbc8 19.d4 Bxd5 20.Bxd5 Nb4 21.dxe5 dxe5 22.a3 Na6 23.fxe5 c6
24.e6 Qe7 25.Bxg7+ Qxg7 26.Nd6 Rc7 27.e4 Re7 28.exf5 gxf5 29.Bxc6 Nc5 30.Kh2 Nxb3
31.Qg2 Nc5 32.Bd5 Nd3 33.Re3 Ne5 34.Qe2 Ng6 35.Ref3 Qf6 36.Nxf5 Nxf5 37.Rxf5 Qxf5
38.Rxf5 Rxf5 39.h4 Rg7 40.Qb2 Ne7 41.Qxb6 Rf8 42.Qd6 Kg8 43.Be4 Rc8 44.c5 Kh8
45.Qe5 Ng8 46.c6 Rc7 47.Qxa5 Nf6 48.Bf3 Rce7 49.Qd8+ Ng8 50.Qd4 Rc7 51.Qe5 Ra7
52.h5 Rc7 53.a4 Nh6 54.Kh3 Ng8 55.a5 Ra7 56.Be4 Rc7 57.g4 h6 58.Kg3 Re7 59.Bg6 Rc7
60.Bf7 Rxc6 61.e7 Nxe7 62.Qxe7 Rc3+ 63.Kh4 Rxf7 64.Qe5+  1-0

[Event "Barcelona"]
[Site "Barcelona"]
[Date "1992.??.??"]
[Round "?"]
[White "Gurevich, Mikhail"]
[Black "Tal, Mihail"]
[Result "1-0"]
[WhiteElo "2635"]
[BlackElo "2525"]

1.d4 d6 2.Bg5 Nd7 3.c4 Ngf6 4.Nc3 h6 5.Bh4 g5 6.Bg3 Nh5 7.e3 Nxg3 8.hxg3 Bg7
9.Bd3 e6 10.Nge2 Qe7 11.g4 Nf6 12.Ng3 Bd7 13.Qe2 c5 14.O-O-O O-O-O 15.Kb1 Kb8
16.Bc2 Rc8 17.d5 exd5 18.Bf5 dxc4 19.Bxd7 Qxd7 20.Nf5 Bf8 21.Qxc4 Qe6 22.Nd5 Nd7
23.f3 h5 24.e4 Ne5 25.Qc1 c4 26.Qxg5 Nd3 27.Rxh5 Rxh5 28.gxh5 Qe5 29.Qd2 Rc5
30.Nc3 d5 31.Qe3 d4 32.Qxd4 Qxd4 33.Nxd4 Rxh5 34.b3 Rh2 35.bxc4 Ne5 36.Nf5 Kc8
37.Ne3 Bc5 38.Ncd5 Nc6 39.Kb2 Nb4 40.Rd2 Nc6 41.Kc3 Rh1 42.Rd1 Rh2 43.f4 Rh4
44.Kd3  1-0

[Event "Barcelona"]
[Site "Barcelona"]
[Date "1992.??.??"]
[Round "?"]
[White "Gurevich, Mikhail"]
[Black "Rodriguez Vargas, Orestes"]
[Result "0-1"]
[WhiteElo "2635"]
[BlackElo "2455"]

1.d4 Nf6 2.c4 e6 3.Nc3 Bb4 4.Qc2 O-O 5.Nf3 d5 6.cxd5 exd5 7.Bg5 c5 8.e3 cxd4
9.Nxd4 Nc6 10.Nxc6 bxc6 11.Be2 h6 12.Bh4 g5 13.Bg3 Ne4 14.O-O Nxg3 15.hxg3 Qf6
16.Bd3 Rd8 17.Na4 Bd7 18.b3 Be8 19.Qe2 Ba3 20.Rad1 Rac8 21.Rd2 c5 22.Bb5 Bxb5
23.Qxb5 c4 24.Re2 Rb8 25.Qa5 cxb3 26.axb3 d4 27.exd4 Qxd4 28.Qf5 Rxb3 29.Re4 Qd7
30.Qf6 Bf8 31.Kh2 Rb5 32.Rfe1 Rf5 33.Qb2 Qd2 34.R1e2 Qxb2 35.Nxb2 Bc5 36.f3 Rfd5
37.Nc4 Rd4 38.Ne5 Rxe4 39.Rxe4 Rd1 40.Ng4 Kg7 41.Ne3 Rd7 42.Nf5+ Kg6 43.g4 h5
44.Re5 Rc7 45.Kh3 hxg4+ 46.Kxg4 f6 47.Re8 Kf7 48.Rh8 Ke6 49.Re8+ Kd7 50.Re2 a5
51.Kh5 a4 52.Kg6 Rc6 53.Rd2+ Kc7 54.Nd4 Bxd4 55.Rxd4 Ra6 56.Rd1 a3 57.g4 a2
58.Ra1 Kd8 59.Kf5 Ke7 60.Ke4 Ke6  0-1